| 000 | 01854nam a2200277Ia 4500 | ||
|---|---|---|---|
| 999 |
_c37570 _d37570 |
||
| 001 | 3539 | ||
| 003 | GE_BSU | ||
| 005 | 20190621183930.0 | ||
| 008 | 181216s2009||||ge |||||||||||||| ||geo|| | ||
| 020 | _a9789941416149 | ||
| 040 | _cGE_BSU | ||
| 041 | _ageo | ||
| 080 | _a371 ი–56 | ||
| 100 |
_aგოგიჩაძე, ნინო _92759 |
||
| 245 |
_aინდივიდუალური საგანმანათლებლო გეგმა ისგ : _bგზამკვლევი მასწავლებლებისა და სასკოლო ადმინისტრაციისათვის / _cინვალიდ ქალთა და ინვალიდ ბავშვთა დედათა ასოციაცია-დეა ; ავტ.-შემდგ.: ნინო გოგიჩაძე, ნატა მეთარიშვილი, თეონა ლოდია, გიორგი ბისეიშვილი ; მხატვ. ზურაბ სულაკაური |
||
| 264 |
_aთბილისი : _bნეკერი, _c2009. |
||
| 300 |
_a84 გვ.; _b21 სმ. |
||
| 653 | _aინკლუზიური განათლება | ||
| 700 |
_aგოგიჩაძე, ნინო _eავტორი _92759 |
||
| 700 |
_aმეთარიშვილი, ნატა _eავტორი _92760 |
||
| 700 |
_aლოდია, თეონა _eავტორი _92761 |
||
| 700 |
_aბისეიშვილი, გიორგი _eავტორი _92762 |
||
| 700 |
_aსულაკაური, ზურაბ _eმხატვარი _92763 |
||
| 710 |
_a ინვალიდ ქალთა და ინვალიდ ბავშვთა დედათა ასოციაცია-დეა _92764 |
||
| 942 |
_cBK _2udc |
||